Pokémon : Les 5 attaques les plus puissantes de chaque type - Statistiques

Statistiques générales
  • Ce quiz a été pris 4 703 fois
    3 906 depuis la dernière actualisation
  • Le résultat moyen est 31 sur 108
Statistiques - réponses
Hint Réponse Puissance % Correct
Ultralaser 150
85%
Normal Explosion 250
84%
Séisme 100
80%
Hydrocanon 110
79%
Destruction 200
75%
Giga impact 150
75%
Close Combat 120
70%
Fatal-Foudre 110
69%
Feu Coup Victoire 180
68%
Draco-Météore 130
65%
Rapace 120
59%
Eau Hydroblast 150
58%
Blizzard 110
56%
Plante Végé-Attaque 150
56%
Lame de Roc 100
55%
Lance-Soleil 120
52%
Pouvoir Lunaire 95
52%
Rafale feu 150
49%
Poison Détricanon 120
48%
Tempête Verte 140
46%
Hurle-Temps 150
45%
Bourdon 90
43%
Vol Piqué 140
42%
Surchauffe 130
42%
Colère 120
40%
Draco-Ascension 120
40%
Lame Pangéenne 120
40%
Electacle 120
38%
Cradovague 95
36%
Exploforce 120
36%
Métalaser 145
35%
Spectre Revenant 120
35%
Flamme Bleue 130
34%
Frappe Psy 100
34%
Onde Originelle 110
34%
Vent Violent 110
34%
Roche Fracass-tête 150
33%
Insecte Mégacorne 120
33%
Prescience 120
31%
Psycho-Boost 140
31%
Roc-Boulet 150
31%
Bang Sonique 140
30%
Dernier Recours 140
30%
Mitra-Poing 150
30%
Aéroblast 100
29%
Lame Solaire 125
29%
Aqua-Tacle 120
28%
Escarmouche 90
27%
Elecanon 120
26%
Hantise 90
26%
Electrik Charge Foudre 130
25%
Sol Assaut Frontal 120
24%
Martobois 120
24%
Surpuissance 120
24%
Tricherie 95
24%
Canon Floral 130
23%
Danse-fleurs 120
23%
Eclair gelé 140
23%
Esprit Frappeur 110
23%
Cavalerie Lourde 95
22%
Mégafouet 120
21%
Pied Voltige 130
21%
Glace Feu glacé 140
20%
Flamme Ultime 130
20%
Acier Marteau Mastoc 160
19%
Fulmigraine 120
18%
Jet de Vapeur 110
18%
Lance de Glace 120
18%
Caboche-Kaboum 150
17%
Eructation 120
17%
Laser Météore 120
17%
Fée Lumière du Néant 140
17%
Lune Rouge 140
17%
Orage Adamantin 100
17%
Rayon Spectral 100
16%
Voeu Destructeur 140
16%
Eclat Spectral 120
15%
Dévorève 100
14%
Psy Laser Prisme 160
14%
Dragon Laser Infinimax 160
13%
Appel Attaque 90
12%
Boule Pollen 90
12%
Photo-geyser 100
12%
Clepto-mânes 90
11%
Explo-Brume 100
11%
| Ténèbres Roue Libre 110
11%
Métalliroue 130
10%
Ruée d'Or 120
10%
Typhon Hivernal 100
10%
Typhon Pyrosable 100
10%
Carapiège 150
9%
Charge Glaive 120
9%
Furie-Dimension 100
9%
Herblast 120
9%
Double Décharge 120
8%
Fulgurayon 130
8%
Marteau de glace 100
8%
Fureur Ardente 90
7%
Combat Joute Astrale 150
7%
Bec canon 100
6%
Chaîne Malsaine 100
6%
Synchropeine 120
6%
Typhon Passionné 95
6%
Crash Magique 100
5%
Crash Toxique 100
5%
Evo-Ténébro 90
5%
Talon-Marteau 120
4%
Aucun quiz correspondant
Distribution des résultats
% des personnes avec chaque résultat
Percentile par nombre de réponses
Votre historique - résultats
Vous n’avez pas pris ce quiz depuis la dernière actualisation